[Event "Ch Mineiro"]
[Site "masterchessopen.com – Sao Sebastiao do Paraiso (Brazil)"]
[Date "2008.01.06"]
[Round "6"]
[White "Batista Gerson P (BRA)"]
[Black "Freitas Julio"]
[Result "1-0"]
[WhiteElo "2210"]
[BlackElo "1991"]

1.e4 c5 2.Nf3 Nc6 3.d4 cxd4 4.Nxd4 Nf6 5.Nc3 d6 6.Bc4 g6 7.Nxc6 bxc6 8.e5 Ng4
9.e6 Ne5 10.exf7+ Kd7 11.Bb3 e6 12.O-O Nxf7 13.Re1 d5 14.Nxd5 cxd5 15.Bxd5
exd5 16.Qxd5+ Nd6 17.Qxa8 Qa5 18.b4 Qxb4 19.Qxa7+ Bb7 20.Ba3 Qg4 21.f3 Qf4
22.Bxd6 Bxd6 23.Qxb7+ Kd8 24.g3 Qd4+ 25.Kh1 Re8 26.Qa8+ {#r} 1-0

[Event "It (open)"]
[Site "masterchessopen.com – Sevilla (Spain)"]
[Date "2008.01.10"]
[Round "7"]
[White "Rizouk Aimen (ALG)"]
[Black "Lanzani Mario (ITA)"]
[Result "1-0"]
[WhiteElo "2507"]
[BlackElo "2360"]

1.e4 c5 2.Nf3 d6 3.d4 cxd4 4.Nxd4 Nf6 5.Nc3 Nc6 6.Bc4 Qb6 7.Nxc6 bxc6 8.O-O g6
9.Be3 Qa5 10.Bd4 Bg7 11.Re1 e5 12.Be3 Qc7 13.Qd2 O-O 14.Rad1 Rd8 15.Bg5 Bb7
16.Kh1 Rd7 17.f4 Re8 18.fxe5 dxe5 19.Qf2 Rxd1 20.Rxd1 Qb6 21.Qf3 {#r} 1-0

[Event "It (open)"]
[Site "masterchessopen.com – New Delhi (India)"]
[Date "2008.01.15"]
[Round "4"]
[White "Negi D S (IND)"]
[Black "Ramakrishna J (IND)"]
[Result "0-1"]
[WhiteElo "2076"]
[BlackElo "2314"]

1.e4 c5 2.Nf3 d6 3.d4 cxd4 4.Nxd4 Nf6 5.Nc3 Nc6 6.Bc4 Bd7 7.Bg5 e6 8.Qd2 a6
9.O-O-O h6 10.Bh4 Nxe4 11.Nxe4 Qxh4 12.Rhe1 O-O-O 13.Qc3 Kc7 14.g3 Qh5 15.f4
Qa5 16.Qb3 {#R} 0-1

[Event "It (open) (b)"]
[Site "masterchessopen.com – Moscow (Russia)"]
[Date "2008.02.07"]
[Round "6"]
[White "Tkachuk Andrey (RUS)"]
[Black "Volkov Evgeny (RUS)"]
[Result "0-1"]
[WhiteElo "2142"]
[BlackElo "2212"]

1.e4 c5 2.Nf3 d6 3.d4 cxd4 4.Nxd4 Nf6 5.Nc3 Nc6 6.Bc4 Qb6 7.Nb3 e6 8.Be3 Qc7
9.O-O a6 10.Be2 Be7 11.f4 O-O 12.Bf3 Rb8 13.g4 b5 14.g5 Nd7 15.Qe2 Re8 16.Qg2
Bb7 17.h4 Nb6 18.h5 Nc4 19.Bc1 Qb6+ 20.Kh1 b4 21.Nd1 Nd4 22.Nxd4 Qxd4 23.c3
bxc3 24.Nxc3 Qc5 25.g6 Bf6 26.gxf7+ Kxf7 27.h6 {#R} 0-1

[Event "Ch Ibero-Americano (Gr. B)"]
[Site "masterchessopen.com – Morelia (Mexico)"]
[Date "2008.02.17"]
[Round "3"]
[White "Davila Carlos (NCA)"]
[Black "Escobar Forero Alder (COL)"]
[Result "1-0"]
[WhiteElo "2362"]
[BlackElo "2482"]

1.e4 c5 2.Nf3 Nc6 3.d4 cxd4 4.Nxd4 Nf6 5.Nc3 d6 6.Bc4 Qb6 7.Ndb5 a6 8.Be3 Qa5
9.Nd4 e6 10.O-O Be7 11.Bb3 O-O 12.f4 Bd7 13.Qf3 Rac8 14.h3 Kh8 15.Rad1 b5
16.a3 Qc7 17.g4 Nxd4 18.Bxd4 Bc6 19.f5 Qb7 20.fxe6 Nxe4 21.exf7 Bf6 22.Nxe4
{#r} 1-0

[Event "Ch France (team) (nat.1) 2007/08"]
[Site "masterchessopen.com – France"]
[Date "2008.04.05"]
[Round "10"]
[White "Martin Gonzalez Angel (ESP)"]
[Black "Faber Michel (FRA)"]
[Result "1-0"]
[WhiteElo "2353"]
[BlackElo "2233"]

1.e4 c5 2.Nf3 Nc6 3.d4 cxd4 4.Nxd4 Nf6 5.Nc3 d6 6.Bc4 Qb6 7.Nb3 e6 8.O-O Be7
9.Be3 Qc7 10.f4 O-O 11.Bd3 a6 12.g4 b5 13.g5 Nd7 14.Qh5 g6 15.Qh6 Re8 16.Rf3
Bf8 17.Qh4 Qd8 18.f5 Nce5 19.Rh3 h5 20.f6 d5 21.Be2 {#r} 1-0

[Event "Ch Europe"]
[Site "masterchessopen.com – Plovdiv (Bulgaria)"]
[Date "2008.05.02"]
[Round "11"]
[White "Luch Michal (POL)"]
[Black "Saric Ivan (CRO)"]
[Result "0-1"]
[WhiteElo "2412"]
[BlackElo "2516"]

1.e4 c5 2.Nf3 Nc6 3.d4 cxd4 4.Nxd4 Nf6 5.Nc3 d6 6.Bc4 Qb6 7.Nb3 e6 8.Qe2 Be7
9.f4 O-O 10.Bd3 Nb4 11.Be3 Qc7 12.a3 Nxd3+ 13.cxd3 e5 14.f5 d5 15.Rc1 Qd8
16.Bg5 Qb6 17.Qc2 dxe4 18.dxe4 Rd8 19.Bh4 Qe3+ 20.Qe2 Qb6 21.Qc2 a5 22.Bf2 Qa6
23.Qe2 b6 24.Nd2 Qxe2+ 25.Kxe2 Ba6+ 26.Ke1 Rd3 27.Nf3 Bd6 {#R} 0-1

[Event "Tournament (qual)"]
[Site "masterchessopen.com – Cali (Colombia)"]
[Date "2008.05.04"]
[Round "7"]
[White "Betancourt David (COL)"]
[Black "Matoma Yimmy (COL)"]
[Result "1-0"]
[WhiteElo "2224"]
[BlackElo "2057"]

1.e4 c5 2.Nf3 Nc6 3.d4 cxd4 4.Nxd4 d6 5.Nc3 Nf6 6.Bc4 e5 7.Nde2 Bg4 8.f3 Be6
9.Bb3 Qb6 10.Bg5 Be7 11.Qd2 O-O 12.Be3 Qd8 13.O-O Na5 14.Nd5 Nxb3 15.axb3 a6
16.Bb6 Qd7 17.c4 Bxd5 18.exd5 Rac8 19.Rfc1 Qf5 20.Ng3 Qg6 {#r} 1-0

[Event "Memorial J.Capablanca (open)"]
[Site "masterchessopen.com – Habana (Cuba)"]
[Date "2008.05.10"]
[Round "3"]
[White "Gomez Camilo (CUB)"]
[Black "Vera Reynaldo (CUB)"]
[Result "1-0"]
[WhiteElo "2454"]
[BlackElo "2497"]

1.e4 c5 2.Nf3 d6 3.d4 Nf6 4.Nc3 cxd4 5.Nxd4 Nc6 6.Bc4 Na5 7.Bb5+ Bd7 8.Bg5
Bxb5 9.Ndxb5 a6 10.Bxf6 gxf6 11.Nd4 Rc8 12.O-O Nc6 13.Nxc6 Rxc6 14.Ne2 Rc5
15.Nd4 e6 16.c3 Qb6 17.Kh1 h5 18.f4 h4 19.h3 Qxb2 20.Rb1 Qxa2 21.Rxb7 Rg8
22.Rg1 Qc4 23.f5 e5 24.Ne6 Rb5 25.Nc7+ Kd8 26.Nxb5 {#r} 1-0

[Event "Ch Paraguay"]
[Site "masterchessopen.com – Asuncion (Paraguay)"]
[Date "2008.06.08"]
[Round "4"]
[White "Gutierrez Santiago (PAR)"]
[Black "Almiron Antonio (PAR)"]
[Result "0-1"]
[WhiteElo "1955"]
[BlackElo "2122"]

1.e4 c5 2.Nf3 d6 3.d4 cxd4 4.Nxd4 Nf6 5.Nc3 Nc6 6.Bc4 Qb6 7.Nde2 e6 8.O-O Be7
9.Bb3 O-O 10.Be3 Qc7 11.Ng3 a6 12.f4 Na5 13.f5 Nc4 14.Bc1 b5 15.Kh1 Bb7 16.Qe2
Rac8 17.Nh5 b4 18.Nxf6+ Bxf6 19.Na4 Qc6 20.Rf4 exf5 21.exf5 Rfe8 22.Qf2 Re1+
{#R} 0-1

[Event "Ch City"]
[Site "masterchessopen.com – Milanowek (Poland)"]
[Date "2008.06.26"]
[Round "6"]
[White "Moskwinski Tadeusz (POL)"]
[Black "Ponceleusz Bronislaw (POL)"]
[Result "1-0"]
[WhiteElo "2178"]
[BlackElo "1951"]

1.e4 c5 2.Nf3 Nc6 3.d4 cxd4 4.Nxd4 Nf6 5.Nc3 d6 6.Bc4 Na5 7.Be2 g6 8.Be3 Bg7
9.f3 Bd7 10.Qd2 Rc8 11.Bh6 O-O 12.h4 Nc4 13.Bxc4 Rxc4 14.Bxg7 Kxg7 15.O-O-O h5
16.Kb1 Qc7 17.Nde2 Rc8 18.g4 hxg4 19.h5 Rh8 20.hxg6 Qc8 21.Qg5 fxg6 22.Nf4 Be8
23.Rxh8 Kxh8 24.Rh1+ Kg7 25.Qh6+ Kg8 26.Ncd5 {#r} 1-0

[Event "Ch Pan-American (juniors) (under 18)"]
[Site "masterchessopen.com – Villa Carlos Paz (Argentina)"]
[Date "2008.07.03"]
[Round "6"]
[White "Martinez Bejarano Ariel A (BOL)"]
[Black "Almiron Antonio (PAR)"]
[Result "1-0"]
[WhiteElo "2094"]
[BlackElo "2122"]

1.e4 c5 2.Nf3 d6 3.d4 cxd4 4.Nxd4 Nf6 5.Nc3 Nc6 6.Bc4 Qb6 7.Nb3 e6 8.Be3 Qc7
9.Qe2 a6 10.a4 Nb4 11.O-O b6 12.a5 b5 13.Bd3 Be7 14.Bb6 Qb7 15.Nd4 Nxd3
16.cxd3 Nd7 17.Rfc1 O-O 18.Nd5 Nxb6 19.Nxb6 Rb8 20.Nc6 Bg5 21.Nxc8 Bxc1
22.Nxb8 Qxb8 {#r} 1-0

[Event "It (juniors) \"]
[Site "masterchessopen.com – Yakutsk (Russia)"]
[Date "2008.07.11"]
[Round "7"]
[White "Lyaskovsky Viktor (RUS)"]
[Black "Yanchenko Roman (RUS)"]
[Result "1-0"]
[WhiteElo "2284"]
[BlackElo "2257"]

1.e4 c5 2.Nf3 Nc6 3.Nc3 d6 4.d4 cxd4 5.Nxd4 Nf6 6.Bc4 Bd7 7.Bb3 g6 8.f3 Bg7
9.Be3 a6 10.Qd2 Qa5 11.O-O-O b5 12.Nxc6 Bxc6 13.Bh6 Bxh6 14.Qxh6 b4 15.Nd5
Nxd5 16.exd5 Ba4 17.Kb1 Bxb3 18.cxb3 Rc8 19.Rhe1 Rc5 20.Qg7 Rf8 21.Rxe7+ Kxe7
22.Re1+ Kd7 23.Qxf8 Qd8 24.Qxf7+ Kc8 25.Re8 {#r} 1-0

[Event "It (open) \"]
[Site "masterchessopen.com – Helsingor (Denmark)"]
[Date "2008.07.19"]
[Round "1"]
[White "Nielsen Jan Mose (DEN)"]
[Black "Jorgensen Orla Eilegaard (DEN)"]
[Result "1-0"]
[WhiteElo "2130"]
[BlackElo "1673"]

1.e4 c5 2.Nf3 d6 3.d4 cxd4 4.Nxd4 Nc6 5.Nc3 Nf6 6.Bc4 g6 7.h3 Bg7 8.Be3 Na5
9.Bd3 Bd7 10.Qe2 a6 11.f4 Nh5 12.Qf2 e5 13.Nde2 f5 14.Bb6 Qe7 15.Nd5 Qf7
16.Nc7+ Ke7 17.Nd5+ Ke6 18.Bxa5 Rac8 19.Qe3 Bh6 20.Nd4+ exd4 21.exf5+ Kxd5
22.Qf3+ Kc5 23.b4# 1-0

[Event "It (open)"]
[Site "masterchessopen.com – Val Thorens (France)"]
[Date "2008.07.25"]
[Round "7"]
[White "Debray Francois (FRA)"]
[Black "Claverie Christophe (FRA)"]
[Result "0-1"]
[WhiteElo "2135"]
[BlackElo "2330"]

1.e4 c5 2.Nf3 d6 3.d4 cxd4 4.Nxd4 Nf6 5.Nc3 Nc6 6.Bc4 Bd7 7.Bb3 Rc8 8.O-O Qa5
9.Be3 g6 10.f4 Bg7 11.Nxc6 Bxc6 12.Bd4 e5 13.fxe5 dxe5 14.Be3 O-O 15.Qf3 Kh8
16.Rad1 Nxe4 17.Qh3 Nxc3 18.bxc3 f5 19.Bg5 e4 20.Rf4 Qxc3 {#R} 0-1

[Event "It (open) (a)"]
[Site "masterchessopen.com – Sukhumi (Georgia)"]
[Date "2008.08.05"]
[Round "4"]
[White "Malinin Vasily B (RUS)"]
[Black "Taysayev Timur (RUS)"]
[Result "0-1"]
[WhiteElo "2280"]
[BlackElo "2164"]

1.e4 c5 2.Nf3 d6 3.d4 cxd4 4.Nxd4 Nf6 5.Nc3 Nc6 6.Bc4 Bd7 7.Be3 Ng4 8.Nf5 Nxe3
9.Nxe3 g6 10.h4 h5 11.f4 Qa5 12.O-O Bg7 13.Qe1 Rc8 14.Kh1 Bxc3 15.bxc3 Qc5
16.Bd3 Na5 17.f5 Qe5 18.c4 Rc5 19.Qf2 Kd8 20.Rab1 Kc8 21.Rb4 Kb8 22.Rfb1 Rg8
23.Nd5 g5 24.hxg5 Rxg5 25.Qh4 Rg4 26.Qh2 Qg3 {#R} 0-1

[Event "It (open) \"]
[Site "masterchessopen.com – Berlin (Germany)"]
[Date "2008.08.19"]
[Round "4"]
[White "Wolfram Mike (GER)"]
[Black "Karunaharamoorthy Achudhan (GER)"]
[Result "0-1"]
[WhiteElo "1616"]
[BlackElo "1856"]

1.e4 c5 2.Nf3 d6 3.Bc4 Nc6 4.d4 cxd4 5.Nxd4 Nf6 6.Nc3 Qb6 7.Nf3 e6 8.O-O a6
9.h3 Be7 10.Rb1 O-O 11.Be3 Qc7 12.b4 Ne5 13.Nxe5 dxe5 14.Qe2 b5 15.Nxb5 axb5
16.Bd3 Rxa2 17.f4 exf4 18.Bxf4 e5 19.Bg5 Be6 20.Qe3 Bc4 21.Rxf6 Bxd3 22.Qg3
Bxf6 23.Bxf6 Qb6+ {#R} 0-1

[Event "Tournament \"]
[Site "masterchessopen.com – Maralsay (Kazakhstan)"]
[Date "2008.08.19"]
[Round "3"]
[White "Akhmetov Ayan (KAZ)"]
[Black "Semeikhan Bakhtiyar (KAZ)"]
[Result "1-0"]
[WhiteElo "1980"]
[BlackElo "2060"]

1.e4 c5 2.Nf3 Nc6 3.Nc3 d6 4.d4 cxd4 5.Nxd4 Nf6 6.Bc4 g6 7.Nxc6 bxc6 8.e5 Nh5
9.Qf3 e6 10.Bg5 Qc7 11.exd6 Bxd6 12.g4 Bf4 13.Bxf4 Nxf4 14.O-O-O Bb7 15.Rhe1
O-O 16.h4 Rad8 17.h5 Rxd1+ 18.Rxd1 Qe5 19.h6 Rb8 20.Kb1 Nd5 21.Ne4 a5 22.Bxd5
Ba6 23.Bb3 Kf8 24.Nf6 {#r} 1-0

[Event "It (open) (c)"]
[Site "masterchessopen.com – Polanica Zdroj (Poland)"]
[Date "2008.08.21"]
[Round "3"]
[White "Jozkow Kacper (POL)"]
[Black "Byrka Joanna (POL)"]
[Result "1-0"]
[WhiteElo "1629"]
[BlackElo "1672"]

1.e4 c5 2.Nf3 Nc6 3.d4 cxd4 4.Nxd4 Nf6 5.Nc3 d6 6.Bc4 Qb6 7.Ndb5 a6 8.Be3 Qa5
9.Nd4 Nxe4 10.Qf3 f5 11.Nxc6 bxc6 12.O-O d5 13.Bb3 Nxc3 14.bxc3 Qxc3 15.Rad1
Qf6 16.Ba4 e5 17.Qxd5 Be6 18.Qxc6+ Kf7 19.Qxa8 g5 20.Qxa6 {#r} 1-0

[Event "Ch Croatia (team) (1st league) (b)"]
[Site "masterchessopen.com – Sibenik (Croatia)"]
[Date "2008.09.02"]
[Round "6"]
[White "Sindija Filip (CRO)"]
[Black "Novak Danijel (CRO)"]
[Result "0-1"]
[WhiteElo "2036"]
[BlackElo "2374"]

1.e4 c5 2.Nf3 Nc6 3.d4 cxd4 4.Nxd4 Nf6 5.Nc3 d6 6.Bc4 Qb6 7.Nxc6 bxc6 8.O-O g6
9.e5 dxe5 10.Qe2 Bg7 11.Qxe5 O-O 12.Qxe7 Bf5 13.Bb3 Rae8 14.Qd6 Rd8 15.Qf4 Rd4
16.Qg3 Nh5 17.Qe3 Qd8 18.Qf3 Qh4 19.Be3 Be5 20.g3 Rg4 21.Kg2 Qh3+ 22.Kxh3
Rxg3+ 23.Kh4 Bf6+ {#R} 0-1

[Event "It (open) \"]
[Site "masterchessopen.com – Nuernberg (Germany)"]
[Date "2008.09.07"]
[Round "6"]
[White "Sha Siyu (GER)"]
[Black "Reichel Guenther (GER)"]
[Result "1-0"]
[WhiteElo "1908"]
[BlackElo "1673"]

1.e4 c5 2.Nf3 Nc6 3.d4 cxd4 4.Nxd4 d6 5.Nc3 Nf6 6.Bc4 g6 7.Nxc6 bxc6 8.e5 Ng4
9.e6 f5 10.O-O Bg7 11.Bf4 d5 12.Nxd5 cxd5 13.Bxd5 Ba6 14.Bxa8 {#r} 1-0

[Event "Memorial Siamidi (open)"]
[Site "masterchessopen.com – Ufa (Russia)"]
[Date "2008.09.13"]
[Round "2"]
[White "Abelguzin Dinar (RUS)"]
[Black "Kondaratsev Denis (RUS)"]
[Result "0-1"]
[WhiteElo "1921"]
[BlackElo "2055"]

1.e4 c5 2.Nf3 Nc6 3.d4 cxd4 4.Nxd4 d6 5.Nc3 Nf6 6.Bc4 g6 7.O-O Bg7 8.Be3 O-O
9.h3 a6 10.a4 Qc7 11.Nd5 Nxd5 12.exd5 Nxd4 13.Bxd4 Qxc4 14.Bxg7 Kxg7 15.Kh1
Bf5 16.Re1 Rfe8 17.Ra3 Rac8 18.Rae3 Rc5 19.Qa1 Rxd5 20.b3+ Qd4 21.c3 Qf6
22.Rf3 Rd3 23.Rf4 Qxc3 24.Qxc3+ Rxc3 25.g4 Be6 26.Kg2 Rxb3 {#R} 0-1

[Event "It (w)"]
[Site "masterchessopen.com – Vrbnik (Croatia)"]
[Date "2008.09.14"]
[Round "1"]
[White "Nikolova Adriana (BUL)"]
[Black "Berke Ana (CRO)"]
[Result "1-0"]
[WhiteElo "2281"]
[BlackElo "2080"]

1.e4 c5 2.Nf3 d6 3.d4 cxd4 4.Nxd4 Nf6 5.Nc3 Nc6 6.Bc4 Bd7 7.Be3 Rc8 8.Qe2 g6
9.O-O-O Bg7 10.f3 O-O 11.h4 Nxd4 12.Bxd4 Qa5 13.Bb3 b5 14.Kb1 b4 15.Nd5 Nxd5
16.exd5 Qc7 17.Bxg7 Kxg7 18.h5 Rfe8 19.Qd2 a5 20.hxg6 h5 21.gxf7 Rh8 22.Qg5+
Kxf7 23.Rde1 Qd8 24.Re4 Bb5 25.Rxh5 Rg8 26.Rh7+ {#r} 1-0

[Event "Tournament (Elo)"]
[Site "masterchessopen.com – Ekaterinburg (Russia)"]
[Date "2008.09.18"]
[Round "4"]
[White "Ivanov Andrew (RUS)"]
[Black "Melnikov Valery (RUS)"]
[Result "1-0"]
[WhiteElo "2375"]
[BlackElo "2081"]

1.e4 c5 2.Nf3 d6 3.d4 cxd4 4.Nxd4 Nf6 5.Nc3 Nc6 6.Bc4 Qb6 7.Nxc6 bxc6 8.O-O e6
9.Qe2 Nd7 10.Na4 Qa5 11.b3 Be7 12.Bb2 O-O 13.Rad1 Re8 14.f4 d5 15.Bd3 g6
16.Kh1 Nf6 17.exd5 cxd5 18.f5 gxf5 19.Bxf6 Bxf6 20.Bxf5 Qd8 21.Qg4+ Kh8
22.Bxh7 Kxh7 23.Rd3 Bg5 24.Qh5+ {#r} 1-0

[Event "Match \"]
[Site "masterchessopen.com – Buehl (Germany)"]
[Date "2008.09.21"]
[Round "1"]
[White "Peter Sebastien (FRA)"]
[Black "Gschnitzer Oswald (GER)"]
[Result "0-1"]
[WhiteElo "2287"]
[BlackElo "2429"]

1.e4 c5 2.Nf3 d6 3.d4 cxd4 4.Nxd4 Nf6 5.Nc3 Nc6 6.Bc4 Qb6 7.Nb3 e6 8.O-O Be7
9.Bg5 a6 10.Kh1 Qc7 11.Be2 b5 12.a3 Bb7 13.f4 O-O 14.f5 Ne5 15.fxe6 fxe6
16.Nd4 Qd7 17.Qe1 Nxe4 18.Nxe4 Bxe4 19.Bxe7 Qxe7 20.Bxb5 Bxg2+ 21.Kxg2 axb5
22.Qe4 Rae8 23.Nxb5 Qg5+ 24.Kh1 Ng4 25.Nxd6 Rf2 26.Nxe8 Qc5 27.Kg1 Rxh2+ {#R}
0-1

[Event "It (open) (b)"]
[Site "masterchessopen.com – Zvenigorod (Russia)"]
[Date "2008.09.25"]
[Round "2"]
[White "Tkachuk Andrey (RUS)"]
[Black "Bulgakov Pavel (RUS)"]
[Result "1-0"]
[WhiteElo "2142"]
[BlackElo "1779"]

1.e4 c5 2.Nf3 d6 3.d4 cxd4 4.Nxd4 Nf6 5.Nc3 Nc6 6.Bc4 Bd7 7.f3 e6 8.Be3 a6
9.Bb3 Na5 10.Qd2 b5 11.g4 b4 12.Nce2 e5 13.Nf5 Bb5 14.g5 Nh5 15.Rd1 Bxe2
16.Kxe2 Nxb3 17.cxb3 Nf4+ 18.Bxf4 exf4 19.Qxf4 Rc8 20.Rc1 Rxc1 21.Rxc1 g6
22.Ne3 Bg7 23.Nc4 d5 24.Nd6+ Ke7 25.Nxf7 Rf8 26.Rc7+ {#r} 1-0

[Event "Cup Ugra (open) (b)"]
[Site "masterchessopen.com – Khanty Mansyisk (Russia)"]
[Date "2008.10.22"]
[Round "10"]
[White "Grishin Yury (RUS)"]
[Black "Churaev Vadim (RUS)"]
[Result "0-1"]
[WhiteElo "1887"]
[BlackElo "2170"]

1.e4 c5 2.Nf3 d6 3.d4 cxd4 4.Nxd4 Nc6 5.Bc4 Nf6 6.Nc3 e5 7.Nde2 Be7 8.O-O O-O
9.a3 a6 10.Kh1 b5 11.Ba2 b4 12.axb4 Nxb4 13.Bb3 Bb7 14.Ng3 d5 15.exd5 Nfxd5
16.Nxd5 Nxd5 17.Qe2 f5 18.Bf4 exf4 19.Rfd1 Qc7 20.Nxf5 Bf6 21.c3 f3 22.gxf3
Qf4 23.Bxd5+ Rf7 24.Bxf7+ Kxf7 {#R} 0-1

[Event "It (open) \"]
[Site "masterchessopen.com – Berlin (Germany)"]
[Date "2008.10.24"]
[Round "7"]
[White "Kiesekamp Marcos (GER)"]
[Black "Richter Goetz (GER)"]
[Result "1-0"]
[WhiteElo "2338"]
[BlackElo "1963"]

1.e4 c5 2.Nf3 Nc6 3.d4 cxd4 4.Nxd4 Nf6 5.Nc3 d6 6.Bc4 Bd7 7.Bb3 Na5 8.O-O Nxb3
9.axb3 e6 10.f4 b5 11.e5 b4 12.exf6 bxc3 13.fxg7 Bxg7 14.bxc3 O-O 15.Be3 f5
16.Qd3 Qc7 17.Ra6 Rf7 18.c4 Kh8 19.Nb5 {#r} 1-0

[Event "Ch World (juniors) (under 12)"]
[Site "masterchessopen.com – Vung Tau (Vietnam)"]
[Date "2008.10.24"]
[Round "6"]
[White "Das Sayantan (IND)"]
[Black "Lu Chan Hung (VIE)"]
[Result "1-0"]
[WhiteElo "2112"]
[BlackElo "2063"]

1.e4 c5 2.Nf3 Nc6 3.d4 cxd4 4.Nxd4 Nf6 5.Nc3 d6 6.Bc4 g6 7.Nxc6 bxc6 8.e5 d5
9.exf6 dxc4 10.Qxd8+ Kxd8 11.Bg5 h6 12.O-O-O+ Ke8 13.Be3 exf6 14.Ne4 Be7
15.Bd4 Be6 16.Nxf6+ Bxf6 17.Bxf6 Rg8 18.Rd6 Bd5 19.f4 Rc8 20.b4 Kf8 21.b5 g5
22.f5 g4 23.Rd1 Rg5 24.bxc6 {#r} 1-0

[Event "Czech League 2008/09 (1st) (juniors)"]
[Site "masterchessopen.com – Czech Republic"]
[Date "2008.11.29"]
[Round "5"]
[White "Kawulok Marek (CZE)"]
[Black "Hajek Oskar"]
[Result "1-0"]
[WhiteElo "1911"]
[BlackElo "1250"]

1.e4 c5 2.Nf3 d6 3.d4 cxd4 4.Nxd4 Nf6 5.Nc3 Nc6 6.Bc4 Bd7 7.Bb3 Qa5 8.O-O g6
9.h3 a6 10.Be3 Bg7 11.f4 O-O 12.f5 gxf5 13.Nxf5 Qc7 14.Nxg7 Kxg7 15.Rxf6 exf6
16.Nd5 Qd8 17.Qh5 Kh8 18.Bb6 Qc8 19.Nxf6 Kg7 20.Be3 {#r} 1-0

[Event "It (open) (c)"]
[Site "masterchessopen.com – Benidorm (Spain)"]
[Date "2008.12.01"]
[Round "3"]
[White "Olias Munoz Francisco (ESP)"]
[Black "Simo Bordoy Guillermo (ESP)"]
[Result "0-1"]
[WhiteElo "1920"]
[BlackElo "1983"]

1.e4 c5 2.Nf3 d6 3.d4 cxd4 4.Nxd4 Nf6 5.Nc3 Nc6 6.Bc4 Qb6 7.Nb3 a6 8.Be3 Qc7
9.Be2 e6 10.Qd2 Be7 11.g4 b5 12.f3 Bb7 13.Rg1 Rd8 14.O-O-O d5 15.exd5 Nxd5
16.Nxd5 Rxd5 17.Qc3 Bf6 18.Nd4 Qd7 {#R} 0-1

[Event "It (open)"]
[Site "masterchessopen.com – Cali (Colombia)"]
[Date "2008.12.28"]
[Round "6"]
[White "Mucoz Jhon Edison (COL)"]
[Black "Alvarez Javier (COL)"]
[Result "1-0"]
[WhiteElo "2186"]
[BlackElo "2144"]

1.e4 c5 2.Nf3 d6 3.d4 cxd4 4.Nxd4 Nf6 5.Nc3 Nc6 6.Bc4 Qb6 7.Nb3 e6 8.Be3 Qc7
9.O-O Be7 10.Kh1 O-O 11.f4 a6 12.a4 Bd7 13.a5 Nb4 14.Be2 Bc6 15.Bf3 Rac8
16.Nd4 Bd7 17.g4 e5 18.Nf5 Bxf5 19.gxf5 d5 20.fxe5 Nxe4 21.f6 gxf6 22.Bxe4
dxe4 23.exf6 Bxf6 24.Rxf6 {#r} 1-0

[Event "It \"]
[Site "masterchessopen.com – Peterhof (Russia)"]
[Date "2009.01.17"]
[Round "5"]
[White "Sokolova Vera (RUS)"]
[Black "Eidelson Rakhil (BLR)"]
[Result "0-1"]
[WhiteElo "2088"]
[BlackElo "2248"]

1.e4 c5 2.Nf3 Nc6 3.d4 cxd4 4.Nxd4 Nf6 5.Nc3 d6 6.Bc4 Bd7 7.O-O g6 8.Nxc6 bxc6
9.f4 Qc7 10.Qe1 Bg7 11.e5 Nd5 12.exd6 Qxd6 13.Ne4 Qc7 14.c3 O-O 15.Ng3 e6
16.Ne4 Rab8 17.Kh1 Rbe8 18.Qh4 f6 19.Bd2 Qb6 20.Qf2 Qxb2 21.Rab1 Qa3 22.Nc5
Bc8 23.Bb3 f5 24.Rfc1 Rf7 25.c4 Nf6 26.Ba4 Bf8 27.Bb4 Bxc5 {#R} 0-1

[Event "Tournament (Elo)"]
[Site "masterchessopen.com – Konakovo (Russia)"]
[Date "2009.02.15"]
[Round "13"]
[White "Reva-Nikitina Zoya N (RUS)"]
[Black "Andriyashenko Vladimir (RUS)"]
[Result "0-1"]
[WhiteElo "1836"]
[BlackElo "1902"]

1.e4 c5 2.Nf3 Nc6 3.d4 cxd4 4.Nxd4 Nf6 5.Nc3 d6 6.Bc4 Qa5 7.f3 Qb4 8.Nxc6 bxc6
9.Bb3 e6 10.O-O c5 11.a3 Qb6 12.Bg5 c4+ 13.Kh1 cxb3 14.cxb3 Be7 {#R} 0-1

[Event "Czech League 2008/09 (krajsky prebor)"]
[Site "masterchessopen.com – Czech Republic"]
[Date "2009.03.29"]
[Round "11"]
[White "Hradecky Ivo (CZE)"]
[Black "Dvorak David (CZE)"]
[Result "1-0"]
[WhiteElo "2108"]
[BlackElo "1866"]

1.e4 c5 2.Nf3 d6 3.d4 cxd4 4.Nxd4 Nc6 5.Nc3 Nf6 6.Bc4 g6 7.Nxc6 bxc6 8.e5 Nd7
9.exd6 exd6 10.O-O Ne5 11.Re1 Be7 12.Bb3 O-O 13.Bf4 Qc7 14.Qe2 Bf6 15.Ne4 Bg7
16.Nxd6 Qxd6 17.Bxe5 Bxe5 18.Qxe5 Rd8 19.Qe7 Be6 20.Rxe6 Qxe7 21.Rxe7 {#r} 1-0

[Event "Ch Russia (juniors) (under 14)"]
[Site "masterchessopen.com – Dagomys (Russia)"]
[Date "2009.04.16"]
[Round "2"]
[White "Mironov Vadim (RUS)"]
[Black "Kozin Denis (RUS)"]
[Result "1-0"]
[WhiteElo "1983"]
[BlackElo "1941"]

1.e4 c5 2.Nf3 d6 3.d4 cxd4 4.Nxd4 Nc6 5.Nc3 Nf6 6.Bc4 g6 7.Nxc6 bxc6 8.e5 Ng4
9.e6 f5 10.O-O Bg7 11.h3 Nf6 12.Re1 O-O 13.Bf4 Ne4 14.Nxe4 fxe4 15.Bxd6 Qb6
16.Bxe7 Qxf2+ 17.Kh1 Re8 18.Qd6 Bb7 19.Qc7 Be5 20.Qxe5 Rxe7 21.Re2 Qb6 22.Rf1
c5 23.Rf7 Rxf7 24.exf7+ Kf8 25.Rf2 Qd8 26.Qh8+ {#r} 1-0

[Event "Memorial Marko Jaric"]
[Site "masterchessopen.com – Stari Mikanovci (Croatia)"]
[Date "2009.04.18"]
[Round "5"]
[White "Rogic Davor (CRO)"]
[Black "Kozul Zdenko (CRO)"]
[Result "0-1"]
[WhiteElo "2538"]
[BlackElo "2588"]

1.e4 c5 2.Nf3 d6 3.d4 cxd4 4.Nxd4 Nf6 5.Nc3 Nc6 6.Bc4 Qb6 7.Nb3 e6 8.Be3 Qc7
9.Qe2 a6 10.f4 g6 11.O-O-O Bg7 12.g4 O-O 13.h4 d5 14.exd5 exd5 15.Nxd5 Nxd5
16.Bxd5 Nb4 17.Bf3 Re8 18.Rd2 Nxa2+ 19.Kb1 Nb4 20.Bb6 Rxe2 21.Bxc7 Rxd2 {#R}
0-1

[Event "Cup Croatia (team)"]
[Site "masterchessopen.com – Sibenik (Croatia)"]
[Round "1"]
[White "Ivic Mateo (CRO)"]
[Black "Jovanovic Zoran (CRO)"]
[Result "0-1"]
[WhiteElo "2244"]
[BlackElo "2539"]

1.e4 c5 2.Nf3 d6 3.d4 cxd4 4.Nxd4 Nf6 5.Nc3 Nc6 6.Bc4 Bd7 7.Bb3 g6 8.f3 Nxd4
9.Qxd4 Bg7 10.Bg5 O-O 11.Qe3 b5 12.O-O-O a5 13.e5 dxe5 14.Bxf6 Bxf6 15.Ne4 Qc7
16.Nxf6+ exf6 17.h4 Rac8 18.Rd2 a4 19.Bd5 Bf5 20.c3 b4 21.c4 Rfd8 22.Rhd1 Rxd5
{#R} 0-1